00815nam a2200229Ia 4500003000400000005001700004008004100021020001800062040001800080041000800098082002300106100003000129245005200159250001200211260003700223300002700260650003900287650004000326942003600366999001900402952016400421OSt20250531102257.0210716s2004 xx 000 0 und d a9788176496766 cAIMIT LIBRARY aeng a658.4093 23bHAYM aHaynes, Marion E.9211983 aPersonal time management /cBy Marion E Haynes. a3rd ed. aNew Delhi :bViva Books ;c2004. avi,110p. ;bPBc22 cm. aTime management principles9211984 aTime management innovations9211985 2ddccBKe3rd ed.k658.4093 HAYM c202746d202746 00102ddc40708MBAaAIMITbAIMITd2008-10-30g99.00iBill no:8103; Bill dt:2008-11-06l0o658.4093 HAYMpMBA05312r2026-05-23 00:00:00v79.20w2021-07-16yBK